Marketing de hoteles y restaurantes: enfoque sistemático para el aumento de ventas (Registro nro. 7170)
[ vista simple ]
| 000 -CABECERA | |
|---|---|
| campo de control de longitud fija | 00571aam a2200217 4500 |
| 005 - FECHA Y HORA DE ACTUALIZACIÓN | |
| campo de control | 20170214142030.0 |
| 008 - LONGITUD FIJA | |
| campo de control de longitud fija | 150818b xxu||||| |||| 00| | spa d |
| 041 ## - IDIOMA | |
| Código de idioma del texto/pista de sonido o título separado | |
| 082 ## - CLASIFICACIÓN DECIMAL DEWEY | |
| Número de clasificación | 1.2.47 G799m |
| 100 ## - AUTOR PERSONAL | |
| Nombre de persona | Greene, Melvyn |
| 245 ## - TÍTULO PROPIAMENTE DICHO | |
| Título | Marketing de hoteles y restaurantes: enfoque sistemático para el aumento de ventas |
| 260 ## - PIE DE IMPRENTA | |
| Lugar de publicación, distribución, etc. | España |
| 260 ## - PIE DE IMPRENTA | |
| Nombre del editor, distribuidor, etc. | Deusto |
| 260 ## - PIE DE IMPRENTA | |
| Fecha de publicación, distribución, etc. | 19- |
| 300 ## - DESCRIPCIÓN FÍSICA | |
| Extensión | 339 páginas |
| 650 ## - Materia General | |
| Materia general | MERCADEO HOTELERO |
| 650 ## - Materia General | |
| Materia general | HOTELES |
| 650 ## - Materia General | |
| Materia general | RESTAURANTES |
| 650 ## - Materia General | |
| Materia general | VENTAS |
| 942 ## - Punto de Acceso Adicional Koha | |
| Tipo de ítem Koha | Libro |
| Estado perdido | Estado dañado | No para préstamo | Biblioteca permanente | Biblioteca actual | Signatura completa | Código de barras | Precio efectivo a partir del | Tipo de ítem |
|---|---|---|---|---|---|---|---|---|
| Departamento de Biblioteca y Documentación Alfonso Chase Brenes | Departamento de Biblioteca y Documentación Alfonso Chase Brenes | 1.2.47 G799m | 4327 | 14/02/2017 | Libro |